Portugal National Team Players - Statistics

General Stats
  • This quiz has been taken 21 times
  • The average score is 16 of 26
Answer Stats
Position Club Player % Correct
MID Manchester United Bruno Fernandes
89%
MID PSG João Neves
84%
MID West Ham United Mateus Fernandes
79%
MID Al Hilal Rúben Neves
79%
MID PSG Vitinha
79%
DEF Benfica António Silva
74%
DEF Barcelona (loan from Al Hilal) João Cancelo
74%
ATT Al-Nassr João Félix
74%
DEF PSG Nuno Mendes
74%
GK Sporting Rui Silva
74%
DEF Manchester United Diogo Dalot
68%
ATT PSG Gonçalo Ramos
68%
GK Wolverhampton Wanderers José Sá
68%
ATT Chelsea Pedro Neto
63%
MID Manchester City Matheus Nunes
58%
MID Mallorca Samú Costa
58%
ATT Juventus Francisco Conceição
53%
ATT Real Sociedad Gonçalo Guedes
53%
DEF Sporting Gonçalo Inácio
53%
ATT Sporting Francisco Trincão
47%
MID Sporting Pedro Gonçalves
47%
ATT Braga Ricardo Horta
47%
DEF Benfica Tomás Araújo
47%
ATT Toluca Paulinho
42%
DEF Villarreal Renato Veiga
42%
GK Gençlerbirliği (loan from Farense) Ricardo Velho
37%
No matching quizzes found
Score Distribution
Percent of People with Each Score
Percentile by Number Answered
Your Score History
You have not taken this quiz